Nové technologie batymetrie vodních toků a nádrží pro stanovení jejich zásobních kapacit a sledování množství a dynamiky sedimentů : certifikovaná metodika výsledků výzkumu, vývoje a inovací /

Hlavní autor: Novák, Pavel, 1960 březen 11.-
Korporativní autor: Alfa (program)
Jazyk: Čeština
Vydáno: Praha : VÚMOP, v.v.i., 2017
Vydání: Vydání: první
Témata:
Fyzický popis: 62 stran : barevné ilustrace ; 22 cm
Knihy
Uloženo v:
LEADER 02128nam a2200577 i 4500
001 nkc20172963775
003 CZ PrNK
005 20180416145602.0
007 ta
008 171222s2017 xr a f 000 0 cze
015 |a cnb002963775 
020 |a 978-80-87361-81-8  |q (brožováno) 
035 |a (OCoLC)1035436029 
040 |a OLA001  |b cze  |e rda 
072 7 |a 556  |x Hydrologie  |2 Konspekt  |9 7 
080 |a 556.52/.53  |2 MRF 
080 |a 556.55  |2 MRF 
080 |a 528.932  |2 MRF 
080 |a 556.1  |2 MRF 
080 |a 551.3.051:001.891  |2 MRF 
080 |a (083.744)  |2 MRF 
100 1 |a Novák, Pavel,  |d 1960 březen 11.-  |7 hka2012691466  |4 aut 
245 1 0 |a Nové technologie batymetrie vodních toků a nádrží pro stanovení jejich zásobních kapacit a sledování množství a dynamiky sedimentů :  |b certifikovaná metodika výsledků výzkumu, vývoje a inovací /  |c Pavel Novák a kol. 
250 |a Vydání: první 
264 1 |a Praha :  |b VÚMOP, v.v.i.,  |c 2017 
300 |a 62 stran :  |b barevné ilustrace ;  |c 22 cm 
336 |a text  |b txt  |2 rdacontent 
337 |a bez média  |b n  |2 rdamedia 
338 |a svazek  |b nc  |2 rdacarrier 
500 |a Pod názvem: TAČR, program Alfa 
500 |a 50 výtisků 
504 |a Obsahuje bibliografii 
650 0 7 |a vodní toky  |7 ph116612  |2 czenas 
650 0 7 |a vodní nádrže  |7 ph116605  |2 czenas 
650 0 7 |a batymetrie  |7 ph989693  |2 czenas 
650 0 7 |a hydrologický cyklus  |7 ph194817  |2 czenas 
650 0 7 |a sedimentologický výzkum  |7 ph241132  |2 czenas 
650 0 9 |a water streams  |2 eczenas 
650 0 9 |a reservoirs  |2 eczenas 
650 0 9 |a bathymetry  |2 eczenas 
650 0 9 |a hydrologic cycle  |2 eczenas 
650 0 9 |a sedimentological research  |2 eczenas 
655 7 |a certifikované metodiky  |7 fd806827  |2 czenas 
655 9 |a certified methodology  |2 eczenas 
710 2 |a Alfa (program)  |7 mzk2016908440  |4 isb 
910 2 |a BOA001  |b 2-1404.209 
928 9 |a Výzkumný ústav meliorací a ochrany půdy 
990 |a BK 
995 |a 01 
991 |b 201804  |c NOV 
996 6 |b 2610736261  |c 2-1404.209  |l MZK  |r Sklad / do 1 hodiny  |n 0  |p p.v.  |w 001654375  |u 000010  |a 1  |e BOA001  |j MZK50  |s P